| 000 | 01992nam a2200301 4500 | ||
|---|---|---|---|
| 001 | 24 | ||
| 003 | OSt | ||
| 005 | 20250528074009.0 | ||
| 008 | 250121b |||||||e |||| 00| 1 eng d | ||
| 020 | _a9788520919859 | ||
| 040 | _bpor | ||
| 041 |
_hpor _apor |
||
| 082 |
_a869.3 _bA485e |
||
| 100 | 1 |
_aAmaral, Domingos, _d1967- _955 |
|
| 240 | _aEnquanto Salazar dormia... | ||
| 245 |
_aEnquanto o ditador dormia... / _cAmaral, Domingos |
||
| 260 |
_aRio de Janeiro _bNova Fronteira _c2007 |
||
| 300 | _a463 p. | ||
| 520 | _aLisboa, 1941. Um oásis de tranquilidade numa Europa fustigada pelos horrores da II Guerra Mundial. Os refugiados chegam aos milhares e Lisboa enche-se de milionários e actrizes, judeus e espiões. Portugal torna-se palco de uma guerra secreta que Salazar permite, mas vigia à distância.Jack Gil Mascarenhas, um espião luso-britânico, tem por missão desmantelar as redes de espionagem nazis que actuavam por todo o país, do Estoril ao cabo de São Vicente, de Alfama à Ericeira. Estas são as suas memórias, contadas 50 anos mais tarde. Recorda os tempos que viveu numa Lisboa cheia de sol, de luz, de sombras e de amores. Jack Gil relembra as mulheres que amou; o sumptuoso ambiente que se vivia no Hotel Aviz, onde espiões se cruzavam com embaixadores e reis; os sinistros membros da polícia política de Salazar ou mesmo os taxistas da cidade. Um mundo secreto e oculto, onde as coisas aconteciam "enquanto Salazar dormia", como dizia ironicamente Michael, o grande amigo de Jack, também ele um espião do MI6. Num país dividido, os homens tornam-se mais duros e as mulheres mais disponíveis. Fervem intrigas e boatos, numa guerra suja e sofisticada, que transforma Portugal e os que aqui viveram nos anos 40. | ||
| 650 | 0 |
_aLiteratura portuguesa _991 |
|
| 650 | 0 |
_aGuerra _930 |
|
| 650 | 0 |
_a2° Guerra Mundial _956 |
|
| 650 | 0 |
_aHistórico _953 |
|
| 650 | 0 |
_aDitadura _934 |
|
| 655 | 0 |
_aRomance _923 |
|
| 655 | 0 |
_aFicção _922 |
|
| 942 |
_2ddc _n0 _cBK |
||
| 999 |
_c24 _d24 |
||